Change management and organizational development / (Record no. 157906)

MARC details
000 -LEADER
fixed length control field 00654nam a22001937a 4500
005 - DATE AND TIME OF LATEST TRANSACTION
control field 20181010111411.0
010 ## - LCCN (DPL NO)
LC control number ENG-124215
020 ## - INTERNATIONAL STANDARD BOOK NUMBER
International Standard Book Number 9789352806881
Terms of availability 495.00
035 ## - SYSTEM CONTROL NUMBER
System control number EN-107747
037 ## - SOURCE OF ACQUISITION
Source of stock number/acquisition DBAD/PUB
082 00 - DEWEY DECIMAL CLASSIFICATION NUMBER
Classification number 658.406
100 ## - MAIN ENTRY--PERSONAL NAME
Personal name Raina, Ratan
245 10 - TITLE STATEMENT
Title Change management and organizational development /
Statement of responsibility, etc by Ratan Raina
260 ## - PUBLICATION, DISTRIBUTION, ETC. (IMPRINT)
Place of publication, distribution, etc New Delhi
Name of publisher, distributor, etc SAGE Publications,
Date of publication, distribution, etc 2018
270 ## - ADDRESS
Address B1/I-1 Mohan Cooperative Industrial Area, Mathura Road
City New Delhi
Postal code 110044
300 ## - PHYSICAL DESCRIPTION
Extent xxxii,467p.
Dimensions 24 cm.(pbk)
500 ## - GENERAL NOTE
General note It include solutions to objective questions and index
942 ## - ADDED ENTRY ELEMENTS (KOHA)
Source of classification or shelving scheme Dewey Decimal Classification
Item type English Books
Classification part 658.406
Call number suffix RAI
Holdings
Withdrawn status Lost status Not for loan Collection code Home library Current library Date acquired Source of acquisition Cost, normal purchase price Full call number Barcode Copy number Cost, replacement price Koha item type
    Not For Loan Non-fiction D.B.Act.Division Patel Nagar 10/10/2018 DBAD/PUB 495.00 658.406 RAI EN-107747 1 495.00 English Books

© Delhi Public Library
Hit Counter
free hit counter